| 000 | 01335nab a2200229 i 4500 | ||
|---|---|---|---|
| 001 | 768714001 | ||
| 003 | CO-MdFUSB | ||
| 005 | 20240528120116.0 | ||
| 008 | 240528t1975 sp ||||| |||| 00| 0 spa d | ||
| 040 |
_bspa _cCO-MdFUSB _dCO-MdFUSB |
||
| 041 | _aspa | ||
| 100 |
_aDhavamony, Mariasusai, _d1925- _eautor |
||
| 245 |
_aCulto cristiano y escrituras hinduistas _c/ Mariasusai Dhavamony ; traducido por Jesús valiente Malla |
||
| 520 | _aLos textos que han sido reconocidos por los hinduistas como pertenecientes a sus escrituras sagradas, en los que se contiene la divina «revelación» primaria, son los cuatro Samhitās (colecciones de himnos y fórmulas), los Brāhmaņas (textos sacrificiales), los Aranyakas (<«tratados del bosque»), los Upanishads (tratados místicos) y el Bhagavadgītā. Este artículo trata sobre las escritura hinduistas y la actitud de los hinduistas ante estas escrituras. | ||
| 650 | 0 |
_aCristianismo y otras religiones _xHinduismo. _91248 |
|
| 650 | 7 |
_aReligiones _9386 |
|
| 650 | 7 |
_aLiturgia _9206 |
|
| 700 |
_aValiente Malla, Jesús, _etraductor |
||
| 773 | 0 |
_049450 _982693 _oR2602 _tRevista internacional de teología Concilium _w(CO-MdFUSB)8 _x0210-1041 _gVolumen 112, (febrero, 1975) páginas: 167 - 183 _qpágina: 167 |
|
| 942 | _cANA | ||
| 945 | _aCatherine Arias Álvarez - Practicante SENA | ||
| 999 |
_c69958 _d69958 |
||